00578nam a2200193 a 4500001001300000003000900013005001700022008004100039020002600080082002000106100001900126245004700145260004900192300000900241500003500250505005200285650002800337700001900365nice12345678IN_TiNIC20260116013729.0050524s1994 alba grp 000 0 eng  a0791424 c1007.500a909.097671bSAN aSanders, Paula aRitual, Politics and City in Fatimid Cairo aAlbany bState University of New York c1994 a231p aincludes index and biblioraphy2 aSelrcted Bibliography, Abbreviation, Commentary aIslamic-Empire Fatimids1 aSanders, Paula